Matarenda/Talents in Zimbabwean Pentecostalism : Empowerment, Gender and Development in an African Movement /
In Matarenda/Talents in Zimbabwean Pentecostalism , the fourteen contributors to this multidisciplinary collection reflect on how Pentecostalism contributes to the empowerment of marginalised societies, how it empowers women in particular through the matarenda (talents) principles, and how it contri...
مؤلفون آخرون: , , ,
التنسيق: كتاب الكتروني
اللغة: English
منشور في:
Leiden; Boston :
BRILL,
2021.
سلاسل:
Global Pentecostal and Charismatic Studies ;
40.
Religious Studies, Theology and Philosophy E-Books Online, Collection 2021, ISBN: 9789004441309.
الموضوعات:
الوصول للمادة أونلاين: Login to view Source
الوسوم: إضافة وسم
رقم الطلب: BL1
| LEADER | 03003nam a22004931i 4500 | ||
|---|---|---|---|
| 001 | BRILL9789004446670 | ||
| 003 | nllekb | ||
| 005 | 20210602102138.0 | ||
| 006 | m d | ||
| 007 | cr un uuuua | ||
| 008 | 201130s2021 ne sb 001 0 eng d | ||
| 020 | |a 9789004446670 |q (electronic book) | ||
| 020 | |a 9789004449725 |q (print) | ||
| 024 | 7 | |a 10.1163/9789004446670 |2 DOI | |
| 035 | |z (OCoLC)1204343454 | ||
| 040 | |a NL-LeKB |c NL-LeKB |e rda | ||
| 050 | 4 | |a BL1 | |
| 072 | 7 | |a HRCC96 |2 bicssc | |
| 072 | 7 | |a REL |x 079000 |2 bisacsh | |
| 082 | 0 | 4 | |a 200 |2 23 |
| 245 | 0 | 0 | |a Matarenda/Talents in Zimbabwean Pentecostalism : |b Empowerment, Gender and Development in an African Movement / |c edited by Sunungurai D. Chingarande, Juliet Thondhlana, Roda Madziva, Allan H. Anderson. |
| 246 | 3 | |a Empowerment, Gender and Development in an African Movement | |
| 264 | 1 | |a Leiden; |a Boston : |b BRILL, |c 2021. | |
| 300 | |a 1 online resource. | ||
| 336 | |a text |b txt |2 rdacontent | ||
| 337 | |a computer |b c |2 rdamedia | ||
| 338 | |a online resource |2 rdacarrier | ||
| 490 | 1 | |a Global Pentecostal and Charismatic Studies ; |v 40 | |
| 490 | 1 | |a Religious Studies, Theology and Philosophy E-Books Online, Collection 2021, ISBN: 9789004441309 | |
| 504 | |a Includes bibliographical references and index. | ||
| 520 | |a In Matarenda/Talents in Zimbabwean Pentecostalism , the fourteen contributors to this multidisciplinary collection reflect on how Pentecostalism contributes to the empowerment of marginalised societies, how it empowers women in particular through the matarenda (talents) principles, and how it contributes to the development of wider society. All but three of the authors are Zimbabwean Pentecostals. The book deals with such subjects as gender equality, economics and finance, poverty alleviation and sustainable development, education, and entrepreneurship. A remarkable independent Zimbabwean church has harnessed biblical principles from the Parable of the Talents to empower women and those marginalised by economic disasters. It is particularly relevant for understanding the potential of African Pentecostalism in dealing with social and economic challenges. | ||
| 588 | |a Description based on print version record. | ||
| 650 | 0 | |a Religion. | |
| 700 | 1 | |a Chingarande, Sunungurai D., |e editor. | |
| 700 | 1 | |a Anderson, Allan H., |e editor. | |
| 700 | 1 | |a Madziva, Roda, |e editor. | |
| 700 | 1 | |a Thondhlana, Juliet, |e editor. | |
| 776 | 0 | 8 | |i Print version: |t Matarenda/Talents in Zimbabwean Pentecostalism : Empowerment, Gender and Development in an African Movement, |d Leiden ; Boston : BRILL, 2021 |z 9789004449725 |
| 830 | 0 | |a Global Pentecostal and Charismatic Studies ; |v 40. | |
| 830 | 0 | |a Religious Studies, Theology and Philosophy E-Books Online, Collection 2021, ISBN: 9789004441309. | |
| 856 | 4 | |z DOI: |u http://dx.doi.org/10.1163/9789004446670 | |
| 942 | |c EBOOK | ||
| 952 | |0 0 |1 0 |4 0 |7 1 |9 14961 |a BRILL |b BRILL |d 2021-06-02 |l 0 |r 2021-06-02 00:00:00 |w 2021-06-02 |y EBOOK | ||
| 999 | |c 36410 |d 36410 | ||
